000 00624nam a2200133Ia 4500
008 171212s9999 xx 000 0 und d
020 _a9780833087706
100 _aSpeier, Richard H.;Nacouzi, George;McMahon, K. Scott
245 _cSpeier, Richard H.;Nacouzi, George;McMahon, K. Scott
_aCruise Missile Penaid Nonproliferation
_bHindering the Spread of Countermeasures Against Cruise Missile Defenses
260 _bRAND Corporation
_c2014
650 _aArms control; Export controls; Technology transfer; Cruise missile; Antimissile missiles
650 _aHistory
856 _uhttp://www.jstor.org/stable/10.7249/j.ctt14bs4x4
999 _c351913
_d351913